Surrealismo
Uloženo v:
| Hlavní autor: | |
|---|---|
| Médium: | Kniha |
| Jazyk: | španělština |
| Vydáno: |
Barcelona
Polígrafa
1996
|
| Témata: | |
| Tagy: |
Přidat tag
Žádné tagy, Buďte první, kdo vytvoří štítek k tomuto záznamu!
|
MARC
| LEADER | 00000nam a2200000 a 4500 | ||
|---|---|---|---|
| 001 | UCR6128 | ||
| 003 | CL-VaPUC | ||
| 008 | 980420e19960000SP |||||||||||||||||spa|d | ||
| 082 | 0 | 4 | |a 709.04063 |b FAU |2 21 |
| 100 | 0 | |a Fauchereau, Serge |e author |9 407296 | |
| 245 | 1 | 0 | |a Surrealismo |
| 300 | |a 63 p | ||
| 942 | |c BK | ||
| 945 | |d 19980420 00:00:00 |a rbrito | ||
| 260 | |a Barcelona |b Polígrafa |c 1996 | ||
| 650 | 0 | |a Surrealismo |9 265502 | |
| 650 | 0 | |a Historia del arte siglo 20 |9 265287 | |
| 650 | 0 | |a Arte moderno |9 265333 | |
| 583 | |a last modification |c 20160912 03:23:01 |k Rodrigo Vera | ||
| 999 | |c 268434 |d 268432 | ||
| 952 | |0 0 |1 0 |4 0 |6 709_040630000000000_FAU_1996 |7 0 |8 R |9 301579 |a BIBART |b BIBART |d 2019-11-20 |i 3418235 |l 1 |o 709.04063 FAU 1996 |p 3418235 |r 2025-03-13 |s 2022-06-28 |w 2019-11-20 |y BK_R |k ART | ||